Open networking with OSI

Αποθηκεύτηκε σε:
Λεπτομέρειες βιβλιογραφικής εγγραφής
Κύριος συγγραφέας: Tang, Adrian
Άλλοι συγγραφείς: Scoggins, Sophia
Μορφή: Βιβλίο
Γλώσσα:English
Δημοσίευση: Englewood Cliffs, N.J. : Prentice Hall, c1992
Θέματα:
Ετικέτες: Προσθήκη ετικέτας
Δεν υπάρχουν, Καταχωρήστε ετικέτα πρώτοι!

MARC

LEADER 00000cam a2200000 i 4500
001 1/39282
008 971008s1992 eng d
020 |a 0133518426 
035 |l 10040971 
035 |a 1997  |c ΔΩΡΕΑ ΤΖΑΦΕΡΗ 
040 |a GR-MY-UA  |b gre  |e aacr 
041 0 |a eng 
082 0 |a 004.62 
100 1 |a Tang, Adrian. 
245 1 0 |a Open networking with OSI /  |c Adrian Tang, Sophia Scoggins 
260 |a Englewood Cliffs, N.J. :   |b Prentice Hall,   |c c1992 
300 |a xiii, 710 p.;  |b ill.;  |c 25 cm. 
500 |a Includes index 
650 0 0 |a Computer networks. 
650 0 0 |a OSI (Computer network standard) 
700 1 |a Scoggins, Sophia. 
852 |a INST  |b SAMOS  |e 19971008  |h 004.62 TAN  |p 005300008749  |q 005300008749  |t BK  |y 0 
901 |a BIBL-1997-2 
909 |a Σ  |b 050314